|
|
|
|
| LEADER |
00000nam0a2200000 4500 |
| 001 |
352214 |
| 005 |
20231102010458.0 |
| 035 |
|
|
|a (RuTPU)RU\TPU\retro\8586
|
| 090 |
|
|
|a 352214
|
| 100 |
|
|
|a 20191203d k y0rusy50 ca
|
| 101 |
0 |
|
|a rus
|
| 102 |
|
|
|a RU
|
| 105 |
|
|
|a y z 000zy
|
| 200 |
1 |
|
|a Актинометрические наблюдения в г. Томске
|e [оттиск статьи]
|f В. Д. Дудецкий
|
| 215 |
|
|
|a 10 с.
|c табл.
|
| 316 |
|
|
|5 63413507: ШкА/3207
|a На с. 1 дарственная надпись: "В Библиотеку Технолог. Ин-та"
|
| 320 |
|
|
|a Библиогр. в примеч.
|
| 606 |
1 |
|
|a Актинометрические наблюдения
|2 stltpush
|3 (RuTPU)RU\TPU\subj\1689
|9 30400
|
| 610 |
1 |
|
|a коллекция ТПУ
|
| 610 |
1 |
|
|a оттиски
|
| 610 |
1 |
|
|a труды учёных ТПУ
|
| 610 |
1 |
|
|a дарственные надписи
|
| 610 |
1 |
|
|a дары автора
|
| 610 |
1 |
|
|a дары библиотеке
|
| 610 |
1 |
|
|a солнечная радиация
|
| 610 |
1 |
|
|a метеорологические наблюдения
|
| 610 |
1 |
|
|a расчеты
|
| 610 |
1 |
|
|a сравнительные данные
|
| 675 |
|
|
|a 551.521.1
|v 4
|
| 700 |
|
1 |
|a Дудецкий
|b В. Д.
|c российский метеоролог, геофизик
|c преподаватель Томского технологического института и др., профессор
|f 1883-после 1945
|g Василий Дмитриевич
|2 stltpush
|3 (RuTPU)RU\TPU\pers\39418
|
| 801 |
|
1 |
|a RU
|b 63413507
|c 20191203
|
| 942 |
|
|
|c BK
|